书目信息 |
| 题名: |
传承
|
|
| 作者: | 艾米 著 | |
| 分册: | 外国篇 | |
| 出版信息: | 北京 北京工业大学出版社 2018.01 |
|
| 页数: | 190页 | |
| 开本: | 24cm | |
| 丛书名: | ||
| 单 册: | ||
| 中图分类: | K810.2 , K819 | |
| 科图分类: | ||
| 主题词: | 家族--介绍--世界 , 传记 | |
| 电子资源: | ||
| ISBN: | 978-7-5639-5691-3 | |
| 000 | 00735nam0 2200241 450 | |
| 001 | 3 | |
| 005 | 20180920155758.29 | |
| 010 | @a978-7-5639-5691-3@dCNY28.00 | |
| 100 | @a20180913d2018 em y0chiy50 ea | |
| 101 | 0 | @achi |
| 102 | @aCN@b110000 | |
| 105 | @ay z 000yd | |
| 200 | 1 | @a传承@9chuan cheng@e家族基因的秘密@i外国篇@f艾米著 |
| 210 | @a北京@c北京工业大学出版社@d2018.01 | |
| 215 | @a190页@d24cm | |
| 330 | @a本书主要介绍了著名的外国家族的故事,我们可以从中了解外国历史上和现实中对社会发展产生过或者发挥重要影响的显赫家族的基本情况。 | |
| 606 | 0 | @a家族@x介绍@y世界 |
| 606 | 0 | @a传记 |
| 690 | @aK810.2@v5 | |
| 690 | @aK819@v4 | |
| 701 | 0 | @a艾米@9ai mi@4著 |
| 801 | 0 | @aCN@b91MARC@c20180913 |
| 905 | @aMuseLib@dK819@e3 | |
| 传承:家族基因的秘密.外国篇/艾米著.-北京:北京工业大学出版社,2018.01 |
| 190页;24cm |
| ISBN 978-7-5639-5691-3:CNY28.00 |
| 本书主要介绍了著名的外国家族的故事,我们可以从中了解外国历史上和现实中对社会发展产生过或者发挥重要影响的显赫家族的基本情况。 |
| ● |
| 相关链接 |
|
|
|
|
正题名:传承
索取号:K819/3
 
预约/预借
| 序号 | 登录号 | 条形码 | 馆藏地/架位号 | 状态 | 备注 |
| 1 | 1117759 | 211177590 | 第二样本阅览室/ [索取号:K819/3] | 在馆 | |
| 2 | 1117760 | 211177607 | 第二借阅区/ [索取号:K819/3] | 在馆 | |
| 3 | 1117761 | 211177616 | 第二借阅区/ [索取号:K819/3] | 在馆 | |
| 4 | 1117762 | 211177625 | 第二借阅区/ [索取号:K819/3] | 在馆 | |
| 5 | 1117763 | 211177634 | 第二借阅区/ [索取号:K819/3] | 在馆 |